00396 2200157 4500001002100000008004100021035002000062245006100082100001300143260001700156084001600173082001000189990001300199990001300212990001300225INLIS000000000002619 ind  a0010-1025000098 aMenjawab Problematika Orang Tua ABG dan RemajacAyah Edy aAyah Edy bNoura Books, a649.1 AYA m a649.1 a0056/NFI a0056/NFI a0056/NFI